00618nam a2200181 i 450000100060000000300090000600500170001500700030003200800410003510000250007624500760010126000340017730000220021170000320023385200320026599900170029795201220031471560ES-MaACL20230906171150.0t|040812s1968 sp ||||1| spa d1 aGenuyt, F. M.95636713aEl misterio de Dios / cF.M. Genuyt ; [versión de Daniel Ruiz Bueno]. aBarcelona : bHerder, c1968. a225 p. ; c22 cm.1 aRuiz Bueno, Daniel.9100677 aES-MaACLjC-46812 bR.67951 c71560d71560 00104070aATENEOMbATENEOMcDEPO2d2008-01-17eSCl0oC-46812p1074918r2023-02-23 00:00:00w2023-02-23yMONOGRAFIA